Sustainability catalogue (Record no. 85472)
[ view plain ]
| 000 -LEADER | |
|---|---|
| fixed length control field | 01187cam a22002775a 4500 |
| 001 - CONTROL NUMBER | |
| control field | L159545 |
| 008 - FIXED-LENGTH DATA ELEMENTS--GENERAL INFORMATION | |
| fixed length control field | 100114s2017 xxk f 000 0 eng d |
| 035 ## - SYSTEM CONTROL NUMBER | |
| System control number | (Sirsi) u159545 |
| 041 0# - LANGUAGE CODE | |
| Language code of text/sound track or separate title | eng |
| 050 04 - LIBRARY OF CONGRESS CALL NUMBER | |
| Classification number | 690 $2 18 |
| 110 2# - MAIN ENTRY--CORPORATE NAME | |
| Corporate name or jurisdiction name as entry element | Building Research Establishment |
| 245 00 - TITLE STATEMENT | |
| Title | Sustainability catalogue |
| Remainder of title | BRE Connect CD 3 2017 |
| Medium | [electronic resource] |
| 260 ## - PUBLICATION, DISTRIBUTION, ETC. | |
| Place of publication, distribution, etc. | Watford |
| Name of publisher, distributor, etc. | BRE Press |
| Date of publication, distribution, etc. | 2017 |
| 300 ## - PHYSICAL DESCRIPTION | |
| Extent | 1 CD-ROM |
| 505 2# - FORMATTED CONTENTS NOTE | |
| Formatted contents note | BR 292 Cracking in buildings -- BR 502 Sustainability in the built environment -- BR 487 Designing quality buildings -- EP 85 Hemp lime construction -- FB 44 Energy management in the built environment -- FB 16 Knock it down or do it up? |
| 520 ## - SUMMARY, ETC. | |
| Summary, etc. | Contains technical reports and guidance on good construction practice issued by BRE during 2017. |
| 650 24 - SUBJECT ADDED ENTRY--TOPICAL TERM | |
| Topical term or geographic name entry element | ENERGY MANAGEMENT |
| 650 24 - SUBJECT ADDED ENTRY--TOPICAL TERM | |
| Topical term or geographic name entry element | CRACKING |
| 650 24 - SUBJECT ADDED ENTRY--TOPICAL TERM | |
| Topical term or geographic name entry element | SUSTAINABILITY |
| 9 (RLIN) | 6271 |
| 650 24 - SUBJECT ADDED ENTRY--TOPICAL TERM | |
| Topical term or geographic name entry element | SUSTAINABLE DESIGN |
| 650 24 - SUBJECT ADDED ENTRY--TOPICAL TERM | |
| Topical term or geographic name entry element | HEMP |
| 651 #4 - SUBJECT ADDED ENTRY--GEOGRAPHIC NAME | |
| Geographic name | United Kingdom |
| 690 ## - LOCAL SUBJECT ADDED ENTRY--TOPICAL TERM (OCLC, RLIN) | |
| Topical term or geographic name as entry element | BUILT ENVIRONMENT |
| 856 48 - ELECTRONIC LOCATION AND ACCESS | |
| Uniform Resource Identifier | <a href="https://www.rics.org/profession-standards/knowledge-and-information-services">https://www.rics.org/profession-standards/knowledge-and-information-services</a> |
| Public note | CDs can only be used in the library and you would need to bring your own device |
| 942 ## - ADDED ENTRY ELEMENTS (KOHA) | |
| Suppress in OPAC | 0 |
| Source of classification or shelving scheme | Dewey Decimal Classification |
| Withdrawn status | Lost status | Source of classification or shelving scheme | Damaged status | Not for loan | Home library | Current library | Shelving location | Date acquired | Total Checkouts | Full call number | Barcode | Date last seen | Copy number | Price effective from | Koha item type |
|---|---|---|---|---|---|---|---|---|---|---|---|---|---|---|---|
| Dewey Decimal Classification | London | London | BRE publications | 30/08/2017 | ENQUIRY DESK | 30078576 | 06/08/2019 | 1 | 06/08/2019 | Reference material |